000 02009nam a22005537a 4500
003 OSt
005 20230420101940.0
008 221006b |||||||| |||| 00| 0 eng d
040 _cBiblioteca Lado V
082 _a700
_bZ39a
100 _9802
_aZaya, Antonio
_eeditor
_edirector
245 _aAtalantica/
_bRevista de Arte y Pensamiento/
260 _bCentro Atlantico de Arte Moderno
_c2002
_aEspaña
300 _c24x30cm
_a145p.
366 _efre
366 _eeng
490 _v2002
_x1132-8428
_a31
505 _tSergio Ramirez en conversacion
505 _tCecilia Paredes: Coleccionar para reunir los fragmentos
505 _tCentroamérica en los ojos del tiempo
505 _tDario Escobar
505 _tVirginia Perez-Ratton en Conversación
505 _tUn proyecto de Rolando Castellón
505 _tArte en Centroamerica
505 _tUn Proyecto de Guillermo Tovar
505 _tMoises Barrios
505 _tSobreviviendo a la Democracia en la periferia del Culo
505 _tUn proyecto de Patricia Belli
505 _tDios es Amor, Si hay pescado Relleno
505 _tUn proyecto de Humberto Vélez
505 _tEl Salvador
505 _tUn Proyecto de Luis Paredes
505 _tEscuela Taller San Juancito
505 _tClaudia Gordillo
505 _tMaria Jose Alvarez
505 _tHistorias Internas
505 _tBelice
505 _tEl Paisaje Canario
650 _2Tesauro de Arte & Arquitectura
_aARTE
_9703
650 _2Tesauro de Arte & Arquitectura
_aEXPOSICIONES
650 _2Tesauro de Arte & Arquitectura
_aCULTURA
650 _2Tesauro de Arte & Arquitectura
_aAPRECIACION
650 _2Tesauro de Arte & Arquitectura
_aTEORIA
650 _2Tesauro de Arte & Arquitectura
_aCRITICA
650 _2Tesauro de Arte & Arquitectura
_aFOTOGRAFIA
_9702
650 _2Tesauro de Arte & Arquitectura
_aLITERATURA
650 _2Tesauro de Arte & Arquitectura
_aESPAÑA
942 _2ddc
_c1
_h700
_iZ39a
_n0
999 _c3396
_d3396